00429nam a2200181Ia 4500008004100000020001800041050001400059100002100073245003100094245002400125260001500149260001600164260000900180300001400189300002700203300001000230500000700240170918s9999 xx 000 0 und d a9780590447348 bB852 1991 aBridwell, Norman aClifford's animal sounds / cby Norman Bridwell. aNew York : bScholastic, c1991 aunpaged : bcolored illustration ; c13cm. aBR